| 000 | 00574nam a2200169 i 4500 | ||
|---|---|---|---|
| 001 | 53457 | ||
| 003 | ES-MaACL | ||
| 005 | 20230906162754.0 | ||
| 007 | t| | ||
| 008 | 931025s1886 sz f ||||1| fre d | ||
| 100 | 1 |
_aEternod, Auguste Charles François. _948281 |
|
| 245 | 1 | 0 |
_aGuide technique du laboratoire d'histologie normale et éléments d'histologie générale... / _cpar A. Eternod. |
| 260 |
_aGenève : _bH. Georg, _c1886 ( _fimpr. Charles Schuchardt) |
||
| 300 |
_aVIII, 247 p. : _bil. ; _c19 cm. |
||
| 650 | 4 |
_aHistología. _9164981 |
|
| 852 |
_aES-MaACL _jT-716-F-1 |
||
| 999 |
_c53457 _d53457 |
||